00777nam a2200229 a 4500001001000000003000900010005001700019007000300036008004100039040002500080082001500105100003900120245005900159260003500218300004100253590002800294700006100322910000700383942001400390952012600404999001700530000028413DO-SdBNP20250217091458.0ta110408s2008 dr a 000 0 spa d aDO-SdBNPbspacBNPHU axxxbM385m1 aMartíne Cabruja, Héctor93113810aMisa criolla dominicana /cHéctor Martínez Cabruja aSanto Domingo :b[s.n.]c2008. a40 p. ; :bil. partituras ;c32 cm. aInventariado, 2022 / DG1 a López Rodríguez, Nicolás de Jesús, d1936-9670 aDG 2ddccLBS1 00102ddc51708PDaBNPHUbBNPHUcCTd2022-11-01eDeposito Legal l0oxxx M385mp2022-4635r2022-11-01w2022-11-01yLBS1 c52696d52696